01386nam a2200229 i 4500003000900000005001700009007000300026008004100029020001800070040003000088082001200118100004600130245010200176264004000278300002900318336002700347337003400374338002800408500007100436520059500507700005401102DO-SdBNP20240620110520.0ta240620s2008 pr c 000 j spa d a9780847714018 aDO-SdBNPbspacBNPHUerda bJ61222 aJiménez, Juan Ramónd1881-1958eautor10aIsla de la simpatía /cJuan Ramón Jiménez ; prólogo María de los Ángeles Sanz Manzano 1aPuerto Rico :bLa editorial,c2008. a135 páginas, c22 cm. 2rdacontentatextobtxt 2rdamediaasin mediación bn 2rdacarrieravolumenbnc aIncluye datos biográficos del autor en la solapa de la portada.  aCabría pensar en una especie de predestinación en cuanto a las relaciones que ligaron, de por vida, al máximo poeta español, Juan Ramon Jiménez, y a la isla (un punto perdido entre dos mares) llamada Puerto Rico. Ya en el parvulario, gasta sus lápices en reproducir, de algún mapamundi, a la menor de las Antillas mayores. Por las vueltas que da el destino, el poeta, ya maduro, une su destino con el de Zenobia Camprubi Aymar, hija de una puertorriqueña. La guerra Civil Española los convirtió en itinerantes que buscan un refugio en el que asentarse definitivamente. 1 aSanz Manzano, María de los Ángeleseprólogo